000 00650cam a2200193 4500
001 6204
010 _a 2003046414
020 _a0393057364
100 1 _aCollins, Sharon,
_d1952-
245 1 0 _aTo the light :
_ba journey through Buddhist Asia /
_cSharon Collins.
246 3 _aJourney through Buddhist Asia
250 _a1st ed.
260 _aNew York ; London :
_bW. W. Norton,
_cc2003.
300 _a164 p. :
_bcol. ill. ;
_c26 cm.
500 _aIncludes bibliographical references (p. 160-161).
650 0 _aBuddhism
_zChina
_zTibet Autonomous Region
_xHistory.
650 0 _aBuddhism
_zNepal
_xHistory.
650 0 _aBuddhism
_zSoutheast Asia
_xHistory.
999 _c5242
_d5242